| 000 | 00668nam a2200217 u 4500 | ||
|---|---|---|---|
| 005 | 20240912063837.0 | ||
| 008 | 111006s2005 ag r 000 0 spa d | ||
| 020 | _a9870402216 (10 dígitos) | ||
| 020 | _a9789870402213 (13 dígitos) | ||
| 035 | _aUPN01000182075 | ||
| 049 | _aI | ||
| 050 | 4 |
_aPQ7798.29 H8.2 _bD4.8 |
|
| 100 | 1 |
_aShua, Ana María, _d1951- _931901 |
|
| 245 | 1 | 4 |
_aLos devoradores / _cAna María Shua ; il. de Lucas Nine. |
| 260 |
_aBuenos Aires : _bAlfaguara, _c2005. |
||
| 300 |
_a105 p. : _bil. |
||
| 440 | 0 |
_aAlfaguara juvenil. _pAzul |
|
| 650 | 4 |
_aCuentos infantiles argentinos _97466 |
|
| 650 | 4 |
_aCuentos de terror _92404 |
|
| 905 | _aInfantil | ||
| 999 |
_c154178 _d154178 |
||